000 00366 a2200157 4500
001 150268
040 _cEscola São Tomás de Aquino
100 _aBRETONES, Paulo Sérgio
240 1 0 _aOs segredos do sistema solar
_lpor
245 1 0 _aOs segredos do sistema solar
300 _a43
362 0 _a1993
440 1 _aAtual
697 _aCIÊNCIAS
942 _cBK
999 _c150268
_d150268